<?xml version="1.0" encoding="UTF-8"?><?xml-stylesheet type="text/xsl" href="static/style.xsl"?><OAI-PMH xmlns="http://www.openarchives.org/OAI/2.0/" xmlns:xsi="http://www.w3.org/2001/XMLSchema-instance" xsi:schemaLocation="http://www.openarchives.org/OAI/2.0/ http://www.openarchives.org/OAI/2.0/OAI-PMH.xsd"><responseDate>2026-04-13T00:53:31Z</responseDate><request verb="GetRecord" identifier="oai:www.recercat.cat:2072/476944" metadataPrefix="marc">https://recercat.cat/oai/request</request><GetRecord><record><header><identifier>oai:recercat.cat:2072/476944</identifier><datestamp>2025-10-17T16:39:09Z</datestamp><setSpec>com_2072_98</setSpec><setSpec>col_2072_378192</setSpec></header><metadata><record xmlns="http://www.loc.gov/MARC21/slim" xmlns:dcterms="http://purl.org/dc/terms/" xmlns:xsi="http://www.w3.org/2001/XMLSchema-instance" xmlns:doc="http://www.lyncode.com/xoai" xsi:schemaLocation="http://www.loc.gov/MARC21/slim http://www.loc.gov/standards/marcxml/schema/MARC21slim.xsd">
   <leader>00925njm 22002777a 4500</leader>
   <datafield ind2=" " ind1=" " tag="042">
      <subfield code="a">dc</subfield>
   </datafield>
   <datafield ind2=" " ind1=" " tag="720">
      <subfield code="a">de Castellarnau, Conxita</subfield>
      <subfield code="e">author</subfield>
   </datafield>
   <datafield ind2=" " ind1=" " tag="720">
      <subfield code="a">Bancells, Cristina</subfield>
      <subfield code="e">author</subfield>
   </datafield>
   <datafield ind2=" " ind1=" " tag="720">
      <subfield code="a">Benitez, Sonia</subfield>
      <subfield code="e">author</subfield>
   </datafield>
   <datafield ind2=" " ind1=" " tag="720">
      <subfield code="a">Reina, Manuel</subfield>
      <subfield code="e">author</subfield>
   </datafield>
   <datafield ind2=" " ind1=" " tag="720">
      <subfield code="a">Ordóñez, J. (Jordi), 1952-</subfield>
      <subfield code="e">author</subfield>
   </datafield>
   <datafield ind2=" " ind1=" " tag="720">
      <subfield code="a">Sanchez-Quesada, Jose Luis</subfield>
      <subfield code="e">author</subfield>
   </datafield>
   <datafield ind2=" " ind1=" " tag="260">
      <subfield code="c">2007</subfield>
   </datafield>
   <datafield ind2=" " ind1=" " tag="520">
      <subfield code="a">Background: Electronegative LDL (LDL(-)) is a minor modified LDL fraction present in plasma that has been demonstrated to be inflammatory in endothelial cells isolated from human umbilical vein (HUVEC). Methods: A protein array able to measure 42 cytokines, chemokines and related compounds involved in atherogenesis was used to determine their release into the culture medium of human arterial endothelial cells (HUAEC) activated or not by two low-density lipoprotein (LDL) fractions isolated from human plasma by anion-exchange chromatography. Results: The results of the protein array (confirmed using specific ELISAs for each induced factor) revealed that HUAEC in the absence of stimuli released small amounts of interleukin 8 (IL-8), monocyte chemotactic protein 1 (MCP-1) and growth-related oncogene (GRO). The major native LDL fraction (named LDL(+)) increased the release of these molecules and also those of interleukin 6 (IL-6) and GROα. Compared to LDL(+), the minor modified fraction, named electronegative LDL (LDL(-)), increased all these factors to a greater degree and also induced the release of granulocyte-monocyte colony-stimulating factor (GM-CSF) and platelet-derived growth factor B (PDGF-B). These results were confirmed by ELISA. Conclusions: All these results indicate that, compared to LDL(+), LDL(-) fraction promotes not only the release of proinflammatory factors but also those of atherogenic factors in endothelial cells of arterial origin, thereby suggesting a new role for LDL(-) in atherogenesis. © 2006 Elsevier B.V. All rights reserved.</subfield>
   </datafield>
   <datafield ind2="0" ind1="0" tag="245">
      <subfield code="a">Atherogenic and inflammatory profile of human arterial endothelial cells (HUAEC) in response to LDL subfractions</subfield>
   </datafield>
</record></metadata></record></GetRecord></OAI-PMH>